|
|
|
|
| LEADER |
00000nab a2200000 a 4500 |
| 001 |
vtls000847366 |
| 003 |
SK-MaSNL |
| 005 |
20260302164317.0 |
| 008 |
160322c2003 xo 0 slo |
| 015 |
|
|
|a SNBRB2003/10-27300
|
| 035 |
|
|
|a CLN000199021
|
| 040 |
|
|
|a SNKBUCL
|b slo
|c SNKBUCL
|e AACR2
|
| 041 |
0 |
|
|a slo
|
| 044 |
|
|
|a xo
|c SK
|
| 080 |
|
|
|a 78.071.2:784.66
|2 UDC-MRF-SK2
|
| 080 |
|
|
|a 784.66
|2 UDC-MRF-SK2
|
| 100 |
1 |
|
|a Janík, Branislav
|4 ain
|9 838464
|
| 245 |
1 |
0 |
|a Poslednú cigaretu som zahasila pred pätnástimi rokmi
|c [zhováral sa] Branislav Janík, Eva Pilarová
|
| 300 |
|
|
|b Fotogr.
|
| 600 |
1 |
7 |
|a Pilarová, Eva,
|d 1939-2020
|2 snkbucl
|9 196130
|
| 655 |
|
7 |
|a články z novín a časopisov
|2 snkbucl
|9 267496
|
| 700 |
1 |
|
|a Pilarová, Eva,
|d 1939-2020
|4 aut
|4 uin
|9 196130
|
| 773 |
0 |
|
|x 1335-4671
|t Národná obroda
|t [Príl.] Štýl
|g Roč. 14, č. 182 (8.8.2003)
|g Roč. 7, s [I] a II
|
| 850 |
|
|
|a Slovenská národná knižnica v Martine
|
| 852 |
|
|
|a SNK
|b KIS3GCP
|
| 958 |
|
|
|a BX
|
| 958 |
|
|
|a RBX
|
| 999 |
|
|
|c 1386277
|d 1388207
|